Active Metamaterials (Запис № 447715)

МАРК-запис
000 -LEADER
fixed length control field 04102nam a22006255i 4500
001 - CONTROL NUMBER
control field 978-3-319-52219-7
003 - CONTROL NUMBER IDENTIFIER
control field DE-He213
005 - DATE AND TIME OF LATEST TRANSACTION
control field 20210118131221.0
007 - PHYSICAL DESCRIPTION FIXED FIELD--GENERAL INFORMATION
fixed length control field cr nn 008mamaa
008 - FIXED-LENGTH DATA ELEMENTS--GENERAL INFORMATION
fixed length control field 170125s2017 gw | s |||| 0|eng d
020 ## - INTERNATIONAL STANDARD BOOK NUMBER
International Standard Book Number 9783319522197
-- 978-3-319-52219-7
024 7# - OTHER STANDARD IDENTIFIER
Standard number or code 10.1007/978-3-319-52219-7
Source of number or code doi
050 #4 - LIBRARY OF CONGRESS CALL NUMBER
Classification number TK7888.4
072 #7 - SUBJECT CATEGORY CODE
Subject category code TJFC
Source bicssc
072 #7 - SUBJECT CATEGORY CODE
Subject category code TEC008010
Source bisacsh
072 #7 - SUBJECT CATEGORY CODE
Subject category code TJFC
Source thema
082 04 - DEWEY DECIMAL CLASSIFICATION NUMBER
Classification number 621.3815
Edition number 23
100 1# - MAIN ENTRY--PERSONAL NAME
Personal name Rout, Saroj.
Relator term author.
Relator code aut
-- http://id.loc.gov/vocabulary/relators/aut
245 10 - TITLE STATEMENT
Title Active Metamaterials
Medium [electronic resource] :
Remainder of title Terahertz Modulators and Detectors /
Statement of responsibility, etc by Saroj Rout, Sameer Sonkusale.
250 ## - EDITION STATEMENT
Edition statement 1st ed. 2017.
264 #1 -
-- Cham :
-- Springer International Publishing :
-- Imprint: Springer,
-- 2017.
300 ## - PHYSICAL DESCRIPTION
Extent XIII, 118 p. 67 illus., 59 illus. in color.
Other physical details online resource.
336 ## -
-- text
-- txt
-- rdacontent
337 ## -
-- computer
-- c
-- rdamedia
338 ## -
-- online resource
-- cr
-- rdacarrier
347 ## -
-- text file
-- PDF
-- rda
505 0# - FORMATTED CONTENTS NOTE
Formatted contents note Chapter 1.Introduction -- Chapter 2. Background Theory -- Chapter 3.Experimental Methods -- Chapter 4.High Speed Terahertz Modulation using Active Metamaterial -- Chapter 5. A Terahertz Spatial Light Modulator for Imaging Application -- Chapter 6.A Terahertz Focal Plane Array using Metamaterials in a CMOS Process -- A. Electromagnetic Waves. .
520 ## - SUMMARY, ETC.
Summary, etc This book covers the theoretical background and experimental methods for engineers and physicist to be able to design, fabricate and characterize terahertz devices using metamaterials. Devices utilize mainstream semiconductor foundry processes to make them for communication and imaging applications. This book will provide engineers and physicists a comprehensive reference to construct such devices with general background in circuits and electromagnetics. The authors describe the design and construction of electromagnetic (EM) devices for terahertz frequencies (108-1010cycles/sec) by embedding solid state electronic devices into artificial metamaterials where each unit cell is only a fraction of the wavelength of the incident EM wave. The net effect is an electronically tunable bulk properties with effective electric (permittivity) and magnetic (permeability) that can be utilized to make novel devices to fill the terahertz gap.
506 ## - RESTRICTIONS ON ACCESS NOTE
Terms governing access Available to subscribing member institutions only. Доступно лише організаціям членам підписки.
506 ## - RESTRICTIONS ON ACCESS NOTE
Standardized terminology for access restriction Online access from local network of NaUOA.
506 ## - RESTRICTIONS ON ACCESS NOTE
Standardized terminology for access restriction Online access with authorization at https://link.springer.com/
506 ## - RESTRICTIONS ON ACCESS NOTE
Standardized terminology for access restriction Онлайн-доступ з локальної мережі НаУОА.
506 ## - RESTRICTIONS ON ACCESS NOTE
Standardized terminology for access restriction Онлайн доступ з авторизацією на https://link.springer.com/
650 #0 - SUBJECT ADDED ENTRY--TOPICAL TERM
Topical term or geographic name as entry element Electronic circuits.
650 #0 - SUBJECT ADDED ENTRY--TOPICAL TERM
Topical term or geographic name as entry element Signal processing.
650 #0 - SUBJECT ADDED ENTRY--TOPICAL TERM
Topical term or geographic name as entry element Image processing.
650 #0 - SUBJECT ADDED ENTRY--TOPICAL TERM
Topical term or geographic name as entry element Speech processing systems.
650 #0 - SUBJECT ADDED ENTRY--TOPICAL TERM
Topical term or geographic name as entry element Optical materials.
650 #0 - SUBJECT ADDED ENTRY--TOPICAL TERM
Topical term or geographic name as entry element Electronic materials.
650 14 - SUBJECT ADDED ENTRY--TOPICAL TERM
Topical term or geographic name as entry element Circuits and Systems.
-- http://scigraph.springernature.com/things/product-market-codes/T24068
650 24 - SUBJECT ADDED ENTRY--TOPICAL TERM
Topical term or geographic name as entry element Electronic Circuits and Devices.
-- http://scigraph.springernature.com/things/product-market-codes/P31010
650 24 - SUBJECT ADDED ENTRY--TOPICAL TERM
Topical term or geographic name as entry element Signal, Image and Speech Processing.
-- http://scigraph.springernature.com/things/product-market-codes/T24051
650 24 - SUBJECT ADDED ENTRY--TOPICAL TERM
Topical term or geographic name as entry element Optical and Electronic Materials.
-- http://scigraph.springernature.com/things/product-market-codes/Z12000
700 1# - ADDED ENTRY--PERSONAL NAME
Personal name Sonkusale, Sameer.
Relator term author.
Relator code aut
-- http://id.loc.gov/vocabulary/relators/aut
710 2# - ADDED ENTRY--CORPORATE NAME
Corporate name or jurisdiction name as entry element SpringerLink (Online service)
773 0# - HOST ITEM ENTRY
Title Springer eBooks
776 08 - ADDITIONAL PHYSICAL FORM ENTRY
Display text Printed edition:
International Standard Book Number 9783319522180
776 08 - ADDITIONAL PHYSICAL FORM ENTRY
Display text Printed edition:
International Standard Book Number 9783319522203
776 08 - ADDITIONAL PHYSICAL FORM ENTRY
Display text Printed edition:
International Standard Book Number 9783319848525
856 40 - ELECTRONIC LOCATION AND ACCESS
Uniform Resource Identifier <a href="https://doi.org/10.1007/978-3-319-52219-7">https://doi.org/10.1007/978-3-319-52219-7</a>
912 ## -
-- ZDB-2-ENG
942 ## - ADDED ENTRY ELEMENTS (KOHA)
Koha item type ЕКнига

Немає доступних примірників.